000 00826nam a22002897a 4500
001 BR9400524
003 BR-BrBNA
005 20230928093946.0
007 ta
008 230509b bl.||||| |||| 00| 0 por d
040 _aBR-BrBNA
_bpor
_cBiblioteca Nacional de Agricultura
041 _a(Por)
072 _aE71
090 _ E71 BR9400524
100 1 _aMorato, E.
110 1 _aSubsecretaria de Planejamento e Orcamento, Brasilia, DF (Brasil). Escritorio de Estatistica
_99994
245 1 _a23 anos da exportacao agricola brasileira
260 3 _aBrasilia, DF (Brasil):
_c1974.
300 _a221 p.
500 _a137 tables
650 _aExportacao
650 _aComercio Exterior
650 _aBALANÇA COMERCIAL
650 _aEstatistica de Producao
909 _a202309
_bLucia
_c55
_dLucia Elande
942 _cBK
999 _c48131
_d48131